| Tag |
First Indicator |
Second Indicator |
Subfields |
| LEADER |
00000cam a2200000 a 4500 |
| 001 |
in00005707521 |
| 005 |
20260318185922.9 |
| 006 |
m o d |
| 007 |
cr ||||||||||| |
| 008 |
110324s1996 enka fob 001 0 eng d |
| 040 |
|
|
|a KIJ
|b eng
|e pn
|c KIJ
|d OCLCO
|d OCLCQ
|d OCLCF
|d OCLCO
|d YDXCP
|d OCLCQ
|d STBDS
|d OCLCQ
|d YOU
|d OL$
|d OCLCQ
|d SXB
|d OCLCO
|d OCLCQ
|d OCLCO
|d OCLCL
|d OCLCQ
|d OCLCL
|
| 019 |
|
|
|a 1181558805
|
| 020 |
|
|
|a 9780191684685
|
| 020 |
|
|
|a 0191684686
|
| 020 |
|
|
|a 1280811242
|
| 020 |
|
|
|a 9781280811241
|
| 035 |
|
|
|a (OCoLC)776942697
|z (OCoLC)1181558805
|
| 043 |
|
|
|a e-uk---
|
| 050 |
|
4 |
|a HD8391
|
| 082 |
0 |
4 |
|a 331.880941
|2 22
|
| 049 |
|
|
|a TXAM
|
| 245 |
0 |
0 |
|a Managing the unions :
|b the impact of legislation on trade unions' behaviour /
|c Roger Undy [and others].
|
| 260 |
|
|
|a Oxford :
|b Clarendon,
|c 1996.
|
| 300 |
|
|
|a 1 online resource (xvi, 318 pages) :
|b illustrations
|
| 336 |
|
|
|a text
|b txt
|2 rdacontent
|
| 337 |
|
|
|a computer
|b c
|2 rdamedia
|
| 338 |
|
|
|a online resource
|b cr
|2 rdacarrier
|
| 520 |
8 |
|
|a A detailed examination of the industrial relations and employment legislation introduced by the Conservative government and its impact on trade unions: their role, organization, influences and prospects. Emphasis is placed on the use of ballot legislation as an instrument in this process.
|
| 504 |
|
|
|a Includes bibliographical references and index.
|
| 546 |
|
|
|a English.
|
| 650 |
|
0 |
|a Industrial relations
|z Great Britain.
|
| 650 |
|
0 |
|a Labor unions
|z Great Britain.
|
| 650 |
|
0 |
|a Labor laws and legislation
|z Great Britain.
|
| 650 |
|
6 |
|a Relations industrielles
|z Grande-Bretagne.
|
| 650 |
|
6 |
|a Syndicats
|z Grande-Bretagne.
|
| 650 |
|
7 |
|a Industrial relations
|2 fast
|
| 650 |
|
7 |
|a Labor laws and legislation
|2 fast
|
| 650 |
|
7 |
|a Labor unions
|2 fast
|
| 651 |
|
7 |
|a Great Britain
|2 fast
|1 https://id.oclc.org/worldcat/entity/E39PBJdmp7p3cx8hpmJ8HvmTpP
|
| 650 |
|
7 |
|a Labor & Workers' Economics.
|2 hilcc
|
| 650 |
|
7 |
|a Business & Economics.
|2 hilcc
|
| 655 |
|
7 |
|a Electronic books.
|2 local
|
| 700 |
1 |
|
|a Undy, R.
|q (Roger)
|1 https://id.oclc.org/worldcat/entity/E39PCjtC4Btc9hHBKfvWM9cGjK
|
| 776 |
0 |
8 |
|i Print version
|z 9780198289197
|
| 856 |
4 |
0 |
|u http://proxy.library.tamu.edu/login?url=https://academic.oup.com/book/33014
|z Connect to the full text of this electronic book
|t 0
|
| 936 |
|
|
|a BATCHLOAD
|
| 955 |
|
|
|a Oxford Scholarship Online
|
| 994 |
|
|
|a 92
|b TXA
|
| 999 |
f |
f |
|i 144d3f9b-6c01-4a7f-8671-1e79507cdcde
|s 030e451f-b164-4ab1-9ad7-4e15a6f4f2bc
|t 0
|
| 952 |
f |
f |
|a Texas A&M University
|b College Station
|c Electronic Resources
|s www_evans
|d Available Online
|t 0
|e HD8391
|h Library of Congress classification
|
| 998 |
f |
f |
|a HD8391
|t 0
|l Available Online
|